Jamaica : Staff Report for the 2005 Article IV Consultation.

This 2005 Article IV Consultation highlights that the economic activity in Jamaica has been adversely affected by shocks. Real GDP contracted sharply in late 2004 following the devastating effects of Hurricane Ivan. Thereafter, while output recovered, it was dampened by the poor performance of agric...

Ful tanımlama

Detaylı Bibliyografya
Müşterek Yazar: International Monetary Fund
Materyal Türü: Dergi
Dil:English
Baskı/Yayın Bilgisi: Washington, D.C. : International Monetary Fund, 2006.
Seri Bilgileri:IMF Staff Country Reports; Country Report ; No. 2006/158
Online Erişim:Full text available on IMF
LEADER 01635cas a2200241 a 4500
001 AALejournalIMF004178
008 230101c9999 xx r poo 0 0eng d
020 |c 5.00 USD 
020 |z 9781451820188 
022 |a 1934-7685 
040 |a BD-DhAAL  |c BD-DhAAL 
110 2 |a International Monetary Fund. 
245 1 0 |a Jamaica :   |b Staff Report for the 2005 Article IV Consultation. 
264 1 |a Washington, D.C. :  |b International Monetary Fund,  |c 2006. 
300 |a 1 online resource (58 pages) 
490 1 |a IMF Staff Country Reports 
500 |a <strong>Off-Campus Access:</strong> No User ID or Password Required 
500 |a <strong>On-Campus Access:</strong> No User ID or Password Required 
506 |a Electronic access restricted to authorized BRAC University faculty, staff and students 
520 3 |a This 2005 Article IV Consultation highlights that the economic activity in Jamaica has been adversely affected by shocks. Real GDP contracted sharply in late 2004 following the devastating effects of Hurricane Ivan. Thereafter, while output recovered, it was dampened by the poor performance of agriculture, which suffered from adverse weather conditions. The nominal exchange rate has depreciated in recent months. Fiscal targets have been missed, and the monetary policy has been geared at containing inflation while also seeking to engender a sustainable reduction in interest rates. 
538 |a Mode of access: Internet 
830 0 |a IMF Staff Country Reports; Country Report ;  |v No. 2006/158 
856 4 0 |z Full text available on IMF  |u http://elibrary.imf.org/view/journals/002/2006/158/002.2006.issue-158-en.xml  |z IMF e-Library